A field guide to the mammals of Borneo

Bibliographic Details
Main Author: PAYNE
Other Authors: Francis, Phillipps
Format: Book
Published: Kota Kinabalu, Sabah : Sabah Society , 1998
Subjects:

MARC

LEADER 00000cam a2200000 7i4500
001 0000002003
005 20020731.0
020 0 0 |a 9679994716 
090 0 0 |a 599.095983   |b PAY 1998 
100 1 0 |a PAYNE   |h Junaidi 
245 1 2 |a A field guide to the mammals of Borneo   |c Junaidi Payne and Charles M. Francis with illustrations by Karen Phillipps 
260 0 0 |a Kota Kinabalu, Sabah :   |b Sabah Society ,   |c 1998 
300 |a 332 p. :   |b ill. ;   |c 21 cm. 
500 0 0 |a Includes bibliography : p. 324-325 and index 
650 0 0 |a Mammals   |z Borneo   |x Collection and preservation 
650 0 0 |a Zoology   |z Borneo 
700 0 1 |a Francis   |h Charles M. 
700 0 1 |a Phillipps   |h Karen 
998 |a JPSM 
999 |a 0000003326   |b Monograph   |c Open Shelf   |e Default branch